000 00611nam a22001575i 4500
001 158092
003 ES-MaACL
005 20230906211015.0
008 041008q1875 fr a |||| | fre d
245 0 0 _aL'oracle parfait ou le passe-temps des dames. Art de tirer les cartes avec explication /
_cpar M. Lenormand, Etteilla, etc.
260 _aParis :
_bM. Delaure,
_c[1875.] (
_fTyp. M. et P.)
300 _a[1] h. pleg., 150, 8 p. :
_bil. ;
_c19 cm.
596 _aAño tomado de BN Opale Plus.
650 4 _aJuegos de cartas.
_9136324
852 4 _aES-MaACL
_jG-10717
_z- Enc. hol.
_z- Legado M. de La Fuente
999 _c158092
_d158092